000 00824nam a22002417a 4500
999 _c20473
_d20473
003 AR-CdUCM
008 190530b ||||| |||| 00| 0 spa d
040 _aMUNICIPALIDAD PROVINCIAL DEL CUSCO
_cBIBLIOTECA MUNICIPAL DEL CUSCO
041 _heng
082 _a160 /
_bC76
100 _aCopi, Irving M.
_942809
245 _aIntroducción a la lógica /
260 _aBuenos Aires :
_bEudeba,
_c1962.
300 _a455 páginas ;
_c23 cm.
500 _a[libro reempastado]
505 _aContenido: El lenguaje -- ¿Qué es la lógica? -- Falacias de atingencia...
650 _aLa lógica
_942810
650 _aArgumentos de atingencia
_942811
650 _aLa causa falsa
_942812
700 _aMíguez, Néestor (traducción), Klimovsky, Gregorio (revisión técnica)
_942813
942 _2ddc
_cLIBROS
945 _aAndy